The Smiths - This Night Has Opened My Eyes Lyrics - Statistics

General Stats
  • This quiz has been taken 138 times
  • The average score is 168 of 217
Answer Stats
Answer % Correct
I
100%
a
99%
A
99%
And
96%
and
96%
has
94%
he
94%
my
92%
of
92%
the
92%
[Chorus] The
92%
This
92%
baby
91%
eyes
91%
night
91%
opened
91%
[Verse 2] You
91%
you
91%
never
90%
[Verse 1] In
88%
in
88%
will
88%
did
86%
I'm
86%
Oh
86%
oh
86%
river
86%
again
84%
But
84%
but
84%
then
83%
your
83%
bad
82%
good
82%
thing
82%
head
80%
on
80%
colour
79%
sleep
79%
baby's
77%
child
77%
is
77%
said
77%
She
77%
she
77%
didn't
76%
man
74%
real
74%
her
73%
cure
72%
grown
72%
he'd
71%
World
71%
dream
70%
cried
69%
gone
69%
up
69%
ills
68%
like
68%
not
68%
sad
68%
Because
67%
doorstep
67%
got
67%
happy
67%
have
67%
Wrap
67%
bullied
66%
girl
66%
lead
66%
life
66%
News
66%
one
66%
twenty-five
66%
you've
66%
been
64%
could
64%
kicked
64%
only
64%
save
64%
Dump
63%
or
61%
poet
61%
Immerse
60%
fool
58%
pain
57%
left
54%
own
54%
please
53%
swing
53%
took
50%
away
49%
troubles
49%
Reminds
48%
shoeless
38%
la-la
4%
No matching quizzes found
Score Distribution
Percent of People with Each Score
Percentile by Number Answered
Your Score History
You have not taken this quiz